Capital Cities With Double L In Their Name - Statistics

General Stats
  • This quiz has been taken 34 times
  • The average score is 2 of 6
Answer Stats
Answer % Correct
Andorra La Vella
46%
Tallinn
46%
Wellington
43%
Brazzaville
32%
Valletta
29%
Libreville
25%
No matching quizzes found
Score Distribution
Percent of People with Each Score
Percentile by Number Answered
Your Score History
You have not taken this quiz